00481nam a22001457a 4500010001500000020002600015035001400041037001300055082001400068245008600082260007000168270003700238300002000275500004000295 aENG-135264 a9788193124906c204.00 aEN-118796 bDBAD/PUB a363.20954 aPrime Minister's Silver Cup essay Competition:bPrize winning Essays (1986-2015)/ aHyderabadbSardar Vallabhbhai Patel National police Academyc2017 bHyderabade500052aShivrampally, a564p.c22cm(Hb) aSanskriti-NEICR:Decennial Year 2017